লোডিং...

Synoptic climatology

গ্রন্থ-পঞ্জীর বিবরন
প্রধান লেখক: Barry, R G
অন্যান্য লেখক: Perry, A H
বিন্যাস: Printed Book
ভাষা:English
প্রকাশিত: London Methuen 1973
বিষয়গুলি:
LEADER 00554nam a2200193 a 4500
005 20151028162057.0
008 960221s1955 dcuabcdjdbkoqu001 0deng d
003 ViArRB
082 |a 551.6  |b L3 
100 |a Barry, R G  |9 18924 
245 |a Synoptic climatology 
653 |a climatology 
700 |a Perry, A H  |9 18923 
942 |c BK  |6 _ 
942 |c BK 
260 |a London  |b Methuen  |c 1973 
500 |a School of Marine Sciences 
999 |c 74601  |d 74601 
952 |0 0  |1 0  |2 ddc  |4 0  |6 5516_L3  |7 0  |9 87016  |a SOS  |b SOS  |d 2010-02-19  |o 551.6 L3  |p MS004478  |r 2013-06-14  |w 2009-07-13  |y BK